Statistiques concernant Devinez le Pays mystère - N°9

Cliquez ici pour prendre le quiz!

Statistiques générales

  • Ce quiz a été pris 343 fois
  • Le résultat moyen est 4 sur 8

Statistiques - réponses

Type de quizRéponse% Correct
LettreO
72%
LettreR
63%
LettreO
60%
LettreM
45%
LettreC
42%
LettreS
40%
RéponseComores
35%
LettreE
35%

Distribution des résultats

Percentile par nombre de réponses

% des personnes avec chaque résultat

Votre développement - résultats

Vous n’avez pas pris ce quiz